| 000 | 01100nam0a22003131 4500 | ||
|---|---|---|---|
| 001 | RU\NLR\INFOCOMM_161\5000033394 | ||
| 005 | 20250613090912.0 | ||
| 035 | _a(NLR Aleph) 009083849 | ||
| 090 |
_a7999048 _c7999048 |
||
| 100 | _a20081206d1980 |||y0rusy50 ca | ||
| 101 | 0 | _afre | |
| 102 | _aRU | ||
| 105 | _aac z 000zy | ||
| 200 | 1 |
_aVers le socialisme développé (1945-1961) _fIouldach Azizov |
|
| 210 |
_aΜ. _cÉd. de l'Agence de presse "Novosti" _d1980 |
||
| 215 |
_a122 с. _cил., портр. _d17 см |
||
| 225 | 1 |
_aL'expérience hist. du Parti commun. de l'Union Sov. _v9 |
|
| 300 | _aВ вып. дан.: На пути к развитому социализму / Ю. Азимов | ||
| 517 | 1 | _aНа пути к развитому социализму | |
| 601 | 0 | 2 |
_aКПСС _xИстория _z1945-1961 _2nlr_sh1 |
| 686 |
_aФ61(2)27 _2rubbk |
||
| 700 | 1 |
_9z02790 _aAzizov _bJ. _gJuldaš _4070 |
|
| 790 | 1 |
_9z02700 _aAzizov _bI. _gIouldach _4070 |
|
| 801 | 1 |
_aRU _bNLR _c20081206 |
|
| 801 | 0 |
_aRU _bNLR _gPSBO |
|
| 852 |
_aNLR _jИп31 Д-1/90 |
||
| 942 | _cBOOK | ||
| 980 | _aNB | ||